000 03620nab a2200289 i 4500
003 BR-BrBNA
005 20240425124115.0
008 240425b2014 bl.qr|pooa||| 00| 0 por |
040 _aBR-BrBNA
_bpor
072 _aF04
100 _aRodrigues, D.S.
100 _aCamargo, M.S.
100 _aNomura, E.S.
100 _aGarcia, V.A.
100 _aCorrea, J.N.
100 _aVidal, T.C.M.
245 _aInfluencia da adubação com nitrogênio e fósforo na produção de Jambu, Acmella oleracea (L) R.K. Jansen
500 _aPublicação on-line; 23 ref.; 2 illus.; Summaries (En, Pt)
520 _a RESUMO: Com o objetivo de avaliar a influência de doses de nitrogênio e fósforo na cultura do Jambu, foi instalado experimento na fazenda experimental da APTA Polo Vale do Ribeira utilizando-se sementes da cultivar Nazaré. Os tratamentos foram conduzidos em blocos casualizados em esquema fatorial 4 x 4, e quatro repetições dos seguintes tratamentos: quatro doses de nitrogênio, (0; 37,5; 75 e 112,5 kg ha-1 N), quatro doses de fósforo (0; 75; 150 e 300 Kg ha-1 de P2O5). O solo foi inicialmente preparado recebendo calagem e adubação de plantio conforme recomendação em função da analise de solo. Após essas operações foi feito o transplante das mudas no espaçamento de 0,50 x 0,50 m e aplicado os tratamentos. A área útil da parcela foi de 1,0 m x 1,0 m. Foram analisadas as massas frescas e secas de folhas e flores, e o número de flores. A produção de matéria fresca e seca das folhas e flores foi influenciada pela adubação. Houve efeito das doses de nitrogênio, que proporcionaram aumento linear em todas as variáveis analisadas e, para a adubação fosfatada, a dose com 75 Kg ha-1 de P2O5 proporcionou a maior produção do número de flores e na massa fresca e seca das flores. Palavras-chave: (Acmella oleracea (L) R.K. Jansen) adubação, plantas medicinais
520 _a ABSTRACT: Influence of the fertilization with nitrogen and phosphorus in the production of jambu (Acmella oleracea (L) R.K. Jansen). The objective of this work was to evaluate the influence of the use of nitrogen and phosphorus in the culture of jambu. The experiment was initiated at the experimental farm of the agency APTA Polo Vale do Ribeira, using the Nazaré cultivar. The experimental design was complete randomized with fourlevelsof nitrogen (0, 37.5, 75 and 112.5 kg ha-1 N) and phosphorus (0, 75, 150 and 300 Kg ha-1P2 O5),and four reapplications. After soil preparation, liming and fertilization, seedlings of jambu were transplanted at a spacing of 0.50 x 0.5 m. The experimental plot was 1.0 x 1.0 m. Fresh and dry mass of leaves and flowers and number of flowers were analyzed. The production of fresh and dry leaves and flowers were influenced by fertilization. Thelevelsof nitrogen affected the outcome, as theyprovided a linear increase in all variables, and the phosphorus level of 75 kgha-1 P2 O5 caused the highest average production in the number of flowers and in the fresh and dried mass of flowers. Keywords: (Acmella oleracea (L) R.K. Jansen), fertilizer, medicinal plants.
650 _aADUBAÇÃO
650 _aPLANTA MEDICINAL
773 0 _03543
_9314768
_dBotucatu-SP Instituto de Biociências - Departamento de Química e Bioquímica 1998
_o2024-1020
_tRevista Brasileira de Plantas Medicinais (Brazil)
_x1516-0572
_gv. 16(1) p. 71-76; (2014)
_wBR2024000694
856 _uhttps://www.scielo.br/j/rbpm/a/8M54TPq3qHPjdWqLZmJYx9G/?format=pdf&lang=pt
942 _cAnalítica
999 _c299328
_d299328